[Event "AUTO-OPEN-4638"]
[Site "http://www.queenalice.com/game.php?id=1869060"]
[Date "2026.2.10"]
[Round "1"]
[White "princesher"]
[Black "maurice916"]
[Result "1-0"]
[WhiteElo "1995"]
[BlackElo "1882"]

1. e4 c6 2. d3 d5 3. e5 d4 4. h3 e6 5. a3 Bc5 6. Nf3 a6 7. b4 Ba7 8. Bg5 Ne7 9.
Bxe7 Qxe7 10. Nbd2 b6 11. Nxd4 Bb7 12. N4f3 c5 13. c3 O-O 14. Be2 Nd7 15. d4
cxd4 16. cxd4 Rac8 17. O-O b5 18. Rc1 Bd5 19. Rxc8 Rxc8 20. Qa1 f6 21. Rc1 Qd8
22. Rxc8 Qxc8 23. Qb2 fxe5 24. Nxe5 Nxe5 25. dxe5 Qf8 26. Bf3 h5 27. Qc3 Bxf3
28. Nxf3 Qb8 29. Qc6 Qb7 30. Qxe6+ Kh8 31. Qe8+ Kh7 32. Qxh5+ Kg8 33. e6 Qe7 34.
Ng5 g6 35. Qxg6+ Qg7 36. Qxg7+ Kxg7 37. e7 1-0

[Event "AUTO-OPEN-4638"]
[Site "http://www.queenalice.com/game.php?id=1869085"]
[Date "2026.2.10"]
[Round "1"]
[White "princesher"]
[Black "chessman"]
[Result "1-0"]
[WhiteElo "2034"]
[BlackElo "2055"]

1. e4 e6 2. a3 d5 3. exd5 exd5 4. d4 Nf6 5. Bg5 c6 6. c3 Be7 7. Bxf6 Bxf6 8. h3
O-O 9. Be2 Re8 10. Nf3 Qe7 11. Nbd2 Nd7 12. b4 Nf8 13. Ra2 b6 14. Nb3 Ba6 15.
Nc1 Bc4 16. Rb2 c5 17. O-O Bxe2 18. Rxe2 Qc7 19. Rxe8 Rxe8 20. Re1 Rxe1+ 21.
Qxe1 cxd4 22. cxd4 Ne6 23. Ne2 h6 24. Qd2 Qc4 25. h4 a5 26. bxa5 bxa5 27. g4 Qb3
28. Qe3 Qd1+ 29. Kg2 g5 30. hxg5 hxg5 31. Nc3 Qb3 32. Ne2 Qxe3 33. fxe3 Kg7 34.
a4 Nf8 35. Nc3 Nd7 36. Nxd5 Bd8 37. Ne5 Nxe5 38. dxe5 Kf8 39. Kf3 Ke8 40. Ke4
Kd7 41. Kf5 Kc6 42. Nf6 1-0

[Event "AUTO-OPEN-4638"]
[Site "http://www.queenalice.com/game.php?id=1869086"]
[Date "2026.2.10"]
[Round "1"]
[White "chessman"]
[Black "princesher"]
[Result "1-0"]
[WhiteElo "2033"]
[BlackElo "2051"]

1. e4 e5 2. Nf3 d6 3. d4 Bg4 4. dxe5 Bxf3 5. gxf3 dxe5 6. Qxd8+ Kxd8 7. Nc3 Bb4
8. Bg5+ f6 9. O-O-O+ Nd7 10. Bd2 a6 11. Bh3 Bxc3 12. Bxc3 f5 13. Bxe5 Nf6 14.
Bxf6+ gxf6 15. Bxf5 h6 16. Rxd7+ Ke8 17. Rhd1 c5 18. Bg6+ Kf8 19. Rf7+ Kg8 20.
Rdd7 b5 21. Bh7+ Rxh7 22. Rxh7 Re8 23. Rdg7+ Kf8 24. Rh8+ Kxg7 25. Rxe8 a5 26.
Kd2 c4 27. Kc3 Kf7 28. Rd8 Kg6 29. Rd5 b4+ 30. Kxc4 Kf7 31. Rxa5 Kg6 32. Kxb4 h5
33. Rf5 h4 34. a4 h3 35. a5 Kf7 36. a6 Ke7 37. a7 Kf7 38. a8=Q Ke6 39. Rb5 Kf7
40. Rb7+ Ke6 41. Qe8+ Kd6 42. Rb6+ Kc7 43. Rc6+ Kb7 44. Qd7+ Ka8 45. Rc8# 1-0

[Event "AUTO-OPEN-4638"]
[Site "http://www.queenalice.com/game.php?id=1869087"]
[Date "2026.2.10"]
[Round "1"]
[White "princesher"]
[Black "miguel7"]
[Result "1-0"]
[WhiteElo "2001"]
[BlackElo "1878"]

1. e4 e5 2. a3 Nc6 3. Nf3 Bc5 4. b4 Bb6 5. d3 d6 6. h3 h6 7. Bb2 Nf6 8. g4 O-O
9. Bg2 a6 10. c3 Be6 11. Nbd2 d5 12. O-O d4 13. c4 Nb8 14. c5 Ba7 15. Nxe5 b6
16. cxb6 Bxb6 17. Rc1 Nbd7 18. Nxd7 Qxd7 19. e5 Nd5 20. Bxd5 Qxd5 21. f4 a5 22.
bxa5 Rxa5 23. Nc4 Raa8 24. Nxb6 cxb6 25. Rc4 b5 26. Rxd4 Qb7 27. Qf3 Qxf3 28.
Rxf3 Rfc8 29. Rf2 Bb3 30. Rb4 Ba4 31. h4 Bc2 32. d4 Bd3 33. d5 Bc4 34. d6 Ra7
35. Rd2 Rd7 36. h5 Re8 37. Kf2 Kh7 38. a4 Be6 39. f5 Ba2 40. Rxb5 Rc8 41. Bd4
Bd5 42. Rxd5 Re8 43. a5 1-0

[Event "AUTO-OPEN-4638"]
[Site "http://www.queenalice.com/game.php?id=1869088"]
[Date "2026.2.10"]
[Round "1"]
[White "miguel7"]
[Black "princesher"]
[Result "0-1"]
[WhiteElo "1868"]
[BlackElo "2006"]

1. e4 e5 2. Bc4 Ne7 3. Bxf7+ Kxf7 4. Qh5+ Kg8 5. Qxe5 Nbc6 6. Qg3 Qe8 7. Qxc7
Qg6 8. Qg3 Qxe4+ 9. Ne2 Nd4 10. Nc3 Nxc2+ 11. Kd1 Qf5 12. Rb1 Nb4 13. Nd4 Qh5+
14. Nf3 Nf5 15. Qf4 Nh6 16. Qc4+ d5 17. Qb5 a6 18. Qe2 Bg4 19. a3 Re8 20. Qf1
Bxf3+ 0-1

[Event "AUTO-ADV-4918"]
[Site "http://www.queenalice.com/game.php?id=1869145"]
[Date "2026.2.12"]
[Round "1"]
[White "princesher"]
[Black "marcoswerneck"]
[Result "1-0"]
[WhiteElo "2018"]
[BlackElo "1872"]

1. e4 e5 2. a3 d6 3. h3 a6 4. b4 Nf6 5. d3 h6 6. Bb2 Nc6 7. Nf3 Be6 8. c4 Be7 9.
g4 Qd7 10. Qc2 g5 11. Bg2 Bf8 12. Nc3 Bg7 13. Qa4 O-O 14. b5 Nd4 15. Nxd4 exd4
16. Ne2 c5 17. bxc6 Qxc6 18. Qxc6 bxc6 19. Bxd4 Rab8 20. O-O Nxg4 21. hxg4 Bxg4
22. f3 Be6 23. Bxg7 Kxg7 24. Rfb1 Ra8 25. a4 f5 26. a5 f4 27. Rb7+ Kg6 28. Nd4
Bc8 29. Rb6 Kf7 30. Rxc6 Rd8 31. Rc7+ Kg6 32. Kh2 h5 33. Nc6 Rd7 34. Rxd7 Bxd7
35. Ne7+ Kf7 36. Nd5 h4 37. Nb6 Rd8 38. Nxd7 Rxd7 39. Rb1 Kf6 40. d4 1-0

[Event "AUTO-ADV-4918"]
[Site "http://www.queenalice.com/game.php?id=1869146"]
[Date "2026.2.12"]
[Round "1"]
[White "marcoswerneck"]
[Black "princesher"]
[Result "0-1"]
[WhiteElo "1880"]
[BlackElo "2021"]

1. e4 e5 2. d3 h6 3. a3 a6 4. Nf3 d6 5. h3 g5 6. g4 b5 7. Bd2 c5 8. h4 f6 9. Bh3
Be6 10. h5 d5 11. Qe2 Nc6 12. Nh2 a5 13. Be3 d4 14. Bd2 b4 15. a4 Bd6 16. b3 Qd7
17. Nf3 Qe7 18. Bc1 Qf7 19. Nbd2 Nd8 20. Nc4 Bxc4 21. dxc4 Ne7 22. Bb2 Ne6 23.
Bc1 Nf4 24. Bxf4 gxf4 25. O-O-O Bc7 26. Kb2 Qh7 27. Rhg1 Rf8 28. Qd3 Nc8 29. Kc1
Nd6 30. Kb2 Qxe4 31. Nh4 Qxd3 32. cxd3 Rg8 33. Rde1 Nf7 34. Bg2 O-O-O 35. Bd5
Rg7 36. Nf5 Rh7 37. Bxf7 Rxf7 38. Nxh6 Rh7 39. Nf5 Rdd7 40. f3 Bd6 41. h6 Kc7
42. Rh1 Rd8 43. Ng7 Rdh8 44. Nf5 Bf8 45. g5 fxg5 46. Rxe5 Bxh6 47. Rxc5+ Kb6 48.
Nxd4 Kxc5 49. Ne6+ Kd6 50. Nd4 Bg7 0-1

[Event "AUTO-ADV-4918"]
[Site "http://www.queenalice.com/game.php?id=1869147"]
[Date "2026.2.12"]
[Round "1"]
[White "princesher"]
[Black "mvson33"]
[Result "1-0"]
[WhiteElo "2031"]
[BlackElo "1870"]

1. e4 e5 2. a3 Nf6 3. d3 d6 4. h3 Be7 5. Bg5 Nbd7 6. Bxf6 Nxf6 7. g4 O-O 8. Bg2
Rb8 9. Nf3 Be6 10. b4 c6 11. c4 d5 12. cxd5 cxd5 13. O-O dxe4 14. Nxe5 exd3 15.
Qxd3 Qxd3 16. Nxd3 Rfd8 17. Nf4 Bc4 18. Re1 Rd7 19. Nc3 Rbd8 20. Red1 Rxd1+ 21.
Rxd1 Rxd1+ 22. Nxd1 b6 23. Ne3 Ba6 24. g5 Nd7 25. h4 Ne5 26. Bd5 Ng6 27. Nxg6
hxg6 28. a4 Bxb4 29. Kg2 Bc5 30. Ng4 Bd3 31. Bb3 Kf8 32. Ne5 Be4+ 33. Kg3 Bd6
34. f4 Bf5 35. Nxf7 Bb4 36. Kf2 Bd7 37. Ne5 Bf5 38. Nc6 Bc5+ 39. Kf3 a6 40. Nb8
a5 41. Na6 Ke7 42. Nxc5 bxc5 43. Ke3 Kd6 44. Bd1 c4 45. Kd4 Kc6 46. Kxc4 Kb6 47.
Kd5 Bb1 48. Ke6 Kc5 49. Kf7 Kb4 50. Kxg7 Ba2 51. Kxg6 Bb3 52. Bxb3 Kxb3 53. h5
Kxa4 54. h6 Kb3 55. h7 a4 56. h8=Q a3 57. Qa1 1-0

[Event "AUTO-ADV-4918"]
[Site "http://www.queenalice.com/game.php?id=1869148"]
[Date "2026.2.12"]
[Round "1"]
[White "mvson33"]
[Black "princesher"]
[Result "0-1"]
[WhiteElo "1857"]
[BlackElo "2008"]

1. e4 e5 2. Nf3 d6 3. Bc4 Bg4 4. Nc3 Nf6 5. Be2 Bxf3 6. Bxf3 h6 7. O-O a6 8. d4
Nbd7 9. dxe5 dxe5 10. h3 b5 11. Bd2 c6 12. a3 a5 13. Re1 b4 14. axb4 Bxb4 15.
Na2 Bxd2 16. Qxd2 O-O 17. Rad1 Ra7 18. Nc3 Qb6 19. b3 Nc5 20. Qd6 Re8 21. Qd2
Rd7 22. Qc1 Rxd1 23. Rxd1 Rd8 24. Rxd8+ Qxd8 25. Qd1 Qxd1+ 26. Bxd1 Nfxe4 27.
Nxe4 Nxe4 28. Bf3 f5 29. Bxe4 fxe4 30. Kf1 Kf7 31. Ke2 Ke6 32. Ke3 Kd5 33. c4+
Kc5 34. Kxe4 Kb4 35. Kxe5 Kxb3 36. c5 a4 37. Kd6 a3 38. Kxc6 a2 39. Kb7 a1=Q 40.
c6 Qf1 41. c7 Qxg2+ 42. Kb8 Qxh3 43. c8=Q Qxc8+ 44. Kxc8 h5 0-1

[Event "AUTO-ADV-4918"]
[Site "http://www.queenalice.com/game.php?id=1869149"]
[Date "2026.2.12"]
[Round "1"]
[White "princesher"]
[Black "Capixaba789"]
[Result "1-0"]
[WhiteElo "1948"]
[BlackElo "1996"]

1. e4 e5 2. a3 f5 3. exf5 Nf6 4. Nc3 Be7 5. h3 d5 6. g4 d4 7. Na2 c5 8. d3 Nc6
9. Bg2 h5 10. f3 Nd5 11. Bd2 Nf4 12. Bxf4 exf4 13. Qd2 Qd6 14. Ne2 Bh4+ 15. Kd1
Bg3 16. Nxg3 fxg3 17. Re1+ Kd7 18. Re6 1-0

[Event "AUTO-ADV-4918"]
[Site "http://www.queenalice.com/game.php?id=1869150"]
[Date "2026.2.12"]
[Round "1"]
[White "Capixaba789"]
[Black "princesher"]
[Result "0-1"]
[WhiteElo "1975"]
[BlackElo "1966"]

1. d4 d5 2. Nc3 e6 3. f4 f5 4. Nf3 Nc6 5. e3 a6 6. Bd3 Bb4 7. Bd2 Bxc3 8. Bxc3
h6 9. O-O g5 10. Ne5 Nxe5 11. fxe5 g4 12. a4 b6 13. b4 c6 14. Qe2 b5 15. a5 Ra7
16. Be1 h5 17. Bg3 h4 18. Bf4 Ne7 19. Bg5 Qd7 20. Bf6 Rh5 21. Qe1 Ng8 22. Bxh4
Qh7 23. g3 Ne7 24. Qc3 Bd7 25. Qc5 Rb7 26. Rf4 Ng6 27. Rff1 Nxh4 28. gxh4 Rxh4
29. Rf2 g3 30. Rg2 Rxh2 0-1

[Event "AUTO-MASTER-3296"]
[Site "http://www.queenalice.com/game.php?id=1869251"]
[Date "2026.2.15"]
[Round "1"]
[White "princesher"]
[Black "SAMOEL"]
[Result "0-1"]
[WhiteElo "2015"]
[BlackElo "2066"]

1. e4 e5 2. a3 Bc5 3. h3 Nf6 4. d3 O-O 5. b4 Bb6 6. Bg5 h6 7. Bxf6 Qxf6 8. Qf3
Qg6 9. Ne2 Nc6 10. c3 a5 11. b5 Ne7 12. a4 c6 13. c4 d5 14. cxd5 cxd5 15. Ng3
dxe4 16. dxe4 Be6 17. Be2 Bd4 18. Ra3 Bc5 19. Rd3 Bb4+ 20. Nd2 Rfd8 21. Rxd8+
Rxd8 22. Nf1 Nc8 23. g4 Nb6 24. Qg3 Qxe4 25. Qf3 Qc2 26. Qe3 Qc1+ 27. Bd1 Nc4
28. Qe2 Nxd2 29. Nxd2 Rxd2 30. Qxd2 Qxd2+ 31. Kf1 Qxd1+ 32. Kg2 Bd5+ 33. Kg3
Qf3+ 34. Kh2 Qg2# 0-1

[Event "AUTO-MASTER-3296"]
[Site "http://www.queenalice.com/game.php?id=1869268"]
[Date "2026.2.15"]
[Round "1"]
[White "princesher"]
[Black "mvson33"]
[Result "1-0"]
[WhiteElo "2011"]
[BlackElo "1860"]

1. e4 c6 2. h3 d5 3. exd5 cxd5 4. d4 Nf6 5. Bb5+ Bd7 6. Bxd7+ Nbxd7 7. Nd2 e6 8.
a3 Be7 9. Ngf3 O-O 10. b4 Rc8 11. Bb2 Qc7 12. c3 Nb6 13. a4 Nc4 14. Nxc4 Qxc4
15. Ne5 Qc7 16. O-O Ne4 17. Rc1 Nd6 18. Qc2 Nc4 19. Nxc4 Qxc4 20. g4 Bxb4 21. f4
Rc7 22. Rf3 Rfc8 23. Kg2 Ba5 24. Kg3 Bb6 25. Rd3 Bxd4 26. g5 Bb6 27. Ba3 Ba5 28.
Bd6 Rc6 29. Be5 Qe4 30. Bd4 Bc7 31. Rf3 Bb8 32. Qxe4 dxe4 33. Re3 a6 34. Rxe4
Rc4 35. a5 Ra4 36. Rb1 Rxa5 37. Rxb7 Ra2 38. Re3 h6 39. g6 f6 40. Rxe6 a5 41.
Ree7 Kh8 42. Rxg7 1-0

[Event "AUTO-MASTER-3296"]
[Site "http://www.queenalice.com/game.php?id=1869269"]
[Date "2026.2.15"]
[Round "1"]
[White "mvson33"]
[Black "princesher"]
[Result "1/2-1/2"]
[WhiteElo "1877"]
[BlackElo "2041"]

1. c4 e5 2. Nc3 a6 3. d3 h6 4. Nf3 Nc6 5. g3 Bb4 6. Bd2 Bxc3 7. Bxc3 d6 8. Bg2
g5 9. O-O Na7 10. Rc1 Bg4 11. Qc2 Bxf3 12. Bxf3 c6 13. Rfd1 h5 14. Bg2 f6 15. d4
Qe7 16. dxe5 fxe5 17. Qg6+ Kd7 18. Qd3 Qf6 19. Rf1 Nh6 20. f4 Qf5 21. Qxf5+ Nxf5
22. fxe5 Rhf8 23. exd6 Nxd6 24. b3 Rxf1+ 25. Rxf1 Re8 26. Rf2 g4 27. Bd4 Nac8
28. Bf1 b6 29. Rf6 c5 30. Bb2 Rg8 31. Rh6 Rg5 32. Rh7+ Ke6 33. Bg2 a5 34. Bd5+
Kf5 35. e4+ Nxe4 36. Bxe4+ Kxe4 37. Rb7 Kd3 38. Rb8 Rg8 39. Be5 Ne7 40. Rxg8
Nxg8 41. Bc7 a4 42. Bxb6 axb3 43. axb3 Kc3 44. Bxc5 Kxb3 45. Bd6 Kxc4 46. Kf2
Kd5 47. Bb8 Ke4 48. Bc7 Kd3 49. Be5 Ne7 50. Bf6 Nd5 51. Bd8 Nc3 52. Kg2 Ke2 53.
h3 1/2-1/2

[Event "AUTO-MASTER-3296"]
[Site "http://www.queenalice.com/game.php?id=1869270"]
[Date "2026.2.15"]
[Round "1"]
[White "princesher"]
[Black "chessman"]
[Result "1/2-1/2"]
[WhiteElo "2012"]
[BlackElo "1992"]

1. e4 e6 2. a3 d5 3. exd5 exd5 4. d4 Nf6 5. Bg5 c6 6. h3 Be7 7. Bxf6 Bxf6 8.
Qe2+ Qe7 9. Qxe7+ Bxe7 10. c3 O-O 11. Be2 Bf6 12. Nf3 Re8 13. b3 Nd7 14. Ra2 Nb6
15. O-O Be6 16. Bd3 Re7 17. Re2 Rae8 18. Rfe1 h6 19. a4 a6 20. a5 Nd7 21. g4 Nf8
22. Kg2 Bd7 23. Rxe7 Rxe7 24. Rxe7 Bxe7 25. b4 Ne6 26. Bf1 Nf4+ 27. Kh1 g5 28.
Kh2 Bd6 29. Kh1 f6 30. Ne1 f5 31. f3 fxg4 32. fxg4 Kf7 33. Kg1 Kf6 34. Nd3 Nxd3
35. Bxd3 Be8 36. Nd2 Bd7 37. Kg2 Bf4 38. Nf3 Be6 39. Kf2 Bf7 40. Bf5 Be6 41.
Bxe6 Kxe6 42. Ke2 Kf6 43. Kd3 Ke6 44. c4 Kd6 45. cxd5 Kxd5 46. Ne1 Bd6 47. Nc2
Ke6 48. Kc4 Be7 49. Ne1 Bd6 50. Nd3 Kd7 51. Nb2 Ke6 52. Na4 Ke7 53. Nb6 Bc7 54.
Na8 Kd7 55. Kc5 Bd6+ 56. Kc4 Ke6 57. Nb6 Kf6 58. Nd7+ Ke6 59. Nc5+ Bxc5 60. Kxc5
Kd7 61. d5 cxd5 62. Kxd5 Kc7 63. Ke6 Kc6 64. Kf6 Kb5 65. Kg6 Kxb4 66. Kxh6 Kxa5
67. Kxg5 b5 68. h4 b4 69. h5 b3 70. h6 b2 71. h7 b1=Q 72. h8=Q Qc1+ 73. Kg6 Qc2+
74. Kh6 Qh2+ 75. Kg7 Qe5+ 76. Kg8 Qe6+ 77. Kh7 Qxg4 78. Qe5+ Ka4 79. Qe8+ Ka5
80. Qd8+ Kb5 81. Qd5+ Kb6 82. Qd6+ Kb5 83. Qd5+ Kb6 84. Qd6+ Kb5 85. Qb8+ Ka5
1/2-1/2

[Event "AUTO-MASTER-3296"]
[Site "http://www.queenalice.com/game.php?id=1869271"]
[Date "2026.2.15"]
[Round "1"]
[White "chessman"]
[Black "princesher"]
[Result "1-0"]
[WhiteElo "2008"]
[BlackElo "2028"]

1. e4 e5 2. Nf3 d6 3. d4 Bg4 4. dxe5 Bxf3 5. gxf3 dxe5 6. Qxd8+ Kxd8 7. Nc3 Bb4
8. Bg5+ f6 9. O-O-O+ Bd6 10. Be3 Nd7 11. Bh3 b6 12. Nb5 Nc5 13. Nxd6 cxd6 14.
Rxd6+ Ke8 15. Bxc5 bxc5 16. Rhd1 Ne7 17. Rd7 g6 18. Rb7 f5 19. Rdd7 Nc6 20. exf5
gxf5 21. Bxf5 Nd4 22. Bxh7 Nxf3 23. Re7+ Kd8 24. Rxa7 Rb8 25. Rad7+ Kc8 26. Bg6
Nh4 27. Rc7+ Kd8 28. Red7# 1-0

[Event "AUTO-OPEN-4390"]
[Site "http://www.queenalice.com/game.php?id=1869862"]
[Date "2026.2.26"]
[Round "2"]
[White "josebaron"]
[Black "princesher"]
[Result "1-0"]
[WhiteElo "2174"]
[BlackElo "2034"]

1. e4 e5 2. Nf3 d6 3. Bc4 Bg4 4. d3 h6 5. O-O c6 6. Nc3 b5 7. Bb3 g5 8. h3 Bxf3
9. Qxf3 Nf6 10. a3 Bg7 11. Be3 Qd7 12. Qf5 Qxf5 13. exf5 O-O 14. Ne4 Nxe4 15.
dxe4 a6 16. c4 Kh7 17. c5 Ra7 18. cxd6 Rd7 19. Rac1 Bf6 20. Rfd1 Kg7 21. a4 Bd8
22. axb5 axb5 23. Ra1 Bf6 24. Ra7 Rxa7 25. Bxa7 Nd7 26. Rc1 Rc8 27. Be3 h5 28.
Bd1 h4 29. Be2 Nb8 30. Bxb5 Rd8 31. Bxc6 Rxd6 32. Bd5 Rd7 33. b4 Na6 34. b5 Nb8
35. b6 Be7 36. Rc7 Bd8 37. Rc8 Na6 38. b7 Bc7 39. Bxg5 Rd6 40. Rxc7 Nxc7 41.
b8=Q Rd7 42. Bxh4 Nxd5 43. Qxe5+ f6 44. Qg3+ Kf8 45. exd5 Rxd5 46. Bxf6 Rd1+ 47.
Kh2 Rd7 48. Qb8+ Kf7 49. Bg5 Rd4 50. Qc7+ Kg8 51. f6 Kf8 52. Qe7+ Kg8 53. Qg7#
1-0

[Event "AUTO-OPEN-4390"]
[Site "http://www.queenalice.com/game.php?id=1869863"]
[Date "2026.2.26"]
[Round "2"]
[White "princesher"]
[Black "josebaron"]
[Result "0-1"]
[WhiteElo "2024"]
[BlackElo "2188"]

1. e4 e5 2. a3 Nf6 3. d3 Bc5 4. h3 O-O 5. Bg5 h6 6. Bxf6 Qxf6 7. Qe2 Nc6 8. Nf3
d6 9. b4 Bb6 10. c3 a6 11. a4 a5 12. b5 Ne7 13. g3 Re8 14. h4 Bg4 15. Bg2 h5 16.
Nbd2 d5 17. O-O d4 18. c4 Bc5 19. Nb3 Bb4 20. Ra2 Ng6 21. Rb1 Nf8 22. Kf1 Ne6
23. Qd1 g5 24. Nbd2 gxh4 25. gxh4 Nf4 26. Qc2 Nxg2 27. Kxg2 Bxd2 28. Nxd2 Qxh4
29. Rh1 Qg5 30. f3 Bxf3+ 31. Kxf3 Re6 32. Re1 Qg4+ 33. Kf2 Rf6+ 34. Nf3 Qxf3+
35. Kg1 Rg6+ 36. Kh2 Qg3+ 37. Kh1 Qxe1+ 38. Kh2 Qh4# 0-1

[Event "AUTO-OPEN-4390"]
[Site "http://www.queenalice.com/game.php?id=1869866"]
[Date "2026.2.26"]
[Round "2"]
[White "Holanda76"]
[Black "princesher"]
[Result "1-0"]
[WhiteElo "2536"]
[BlackElo "2009"]

1. d4 d5 2. c4 c6 3. Nf3 dxc4 4. e3 b5 5. a4 a6 6. axb5 cxb5 7. b3 cxb3 8. Bxb5+
Bd7 9. Be2 Qb6 10. Nbd2 Be6 11. Rb1 g6 12. Ng5 Bd5 13. e4 Bc6 14. Bc4 e6 15. d5
Bd7 16. Rxb3 Qd8 17. Nxf7 Kxf7 18. dxe6+ Bxe6 19. Rb7+ Nd7 20. Bxe6+ Kxe6 21.
Nf3 Ke7 22. Bg5+ Nf6 23. Bxf6+ Kxf6 24. Qd4+ Ke7 25. Qe5+ Kf7 26. Ng5+ Kg8 27.
Qe6+ Kg7 28. Rxd7+ Be7 29. Rxe7+ Kh6 30. Qh3+ Kxg5 31. f4+ Kxf4 32. Qg3# 1-0

[Event "AUTO-OPEN-4390"]
[Site "http://www.queenalice.com/game.php?id=1869867"]
[Date "2026.2.26"]
[Round "2"]
[White "princesher"]
[Black "Holanda76"]
[Result "0-1"]
[WhiteElo "2011"]
[BlackElo "2535"]

1. e4 c5 2. c4 Nc6 3. Nf3 e5 4. a3 d6 5. h3 f5 6. d3 Nf6 7. Bg5 Be7 8. Bxf6 Bxf6
9. Nc3 O-O 10. Be2 g6 11. O-O Be6 12. Qa4 a5 13. Rab1 f4 14. Nd2 Qd7 15. Nf3 Qd8
16. Nb5 Rf7 17. Nh2 h5 18. g4 fxg3 19. fxg3 Bxh3 20. Rf2 Qe7 21. g4 Bh4 22. Rxf7
Qxf7 23. Bf3 hxg4 24. Nxd6 Qf4 25. Qc2 gxf3 26. Qc1 Qg3+ 27. Kh1 Qg2# 0-1

[Event "AUTO-OPEN-4647"]
[Site "http://www.queenalice.com/game.php?id=1871644"]
[Date "2026.4.8"]
[Round "1"]
[White "princesher"]
[Black "dosoldini"]
[Result "1-0"]
[WhiteElo "2004"]
[BlackElo "1585"]

1. e4 e5 2. a3 Nf6 3. d3 Nc6 4. Bg5 h6 5. Bxf6 Qxf6 6. Nf3 Be7 7. h3 Nd4 8. Nxd4
exd4 9. Nd2 d6 10. Qf3 Qe6 11. Nb3 O-O 12. Nxd4 Qe5 13. c3 Bd7 14. Ne2 g6 15. d4
Qb5 16. b4 c6 17. Nf4 Qa4 18. Be2 a5 19. O-O c5 20. bxa5 Rxa5 21. Nd5 Re8 22.
Bd1 Qc4 23. Nxe7+ Rxe7 24. Be2 Qe6 25. Bd3 c4 26. d5 Qe5 27. Bxc4 Rc5 28. Qd3
Qg5 29. f4 Qf6 30. a4 Qg7 31. g4 f6 32. f5 h5 33. Kf2 Qh6 34. Kg2 Qg7 35. Kf2
hxg4 36. hxg4 g5 37. Bb5 Bxb5 38. axb5 Rec7 39. Rac1 Qh8 40. Rh1 Qg7 41. c4 b6
42. Rh5 Kf7 43. Qh3 Kg8 44. Qb3 Qe7 45. Kf3 Qe5 46. Rch1 Qf4+ 47. Kg2 Qxe4+ 48.
Qf3 Qxc4 49. Rh8+ 1-0

[Event "AUTO-OPEN-4647"]
[Site "http://www.queenalice.com/game.php?id=1871645"]
[Date "2026.4.8"]
[Round "1"]
[White "dosoldini"]
[Black "princesher"]
[Result "0-1"]
[WhiteElo "1619"]
[BlackElo "2002"]

1. e4 e5 2. Nf3 d6 3. h3 a6 4. Nc3 Nf6 5. Be2 h6 6. d4 exd4 7. Nxd4 b6 8. Bf3
Nfd7 9. Bf4 Bb7 10. Qe2 g5 11. Bg3 Bg7 12. Bh5 Bxd4 13. Qf3 Bxc3+ 14. bxc3 Qe7
15. O-O Rf8 16. Rae1 Nc6 17. Qf5 O-O-O 18. Rd1 f6 19. Rd3 Kb8 20. Bf3 Nce5 21.
Bxe5 Nxe5 22. Rd2 Nxf3+ 23. Qxf3 Bxe4 24. Re1 f5 25. Qe2 Qf7 26. Rf1 Ka7 27. f3
Bd5 28. Rfd1 Bxa2 29. Rd4 Rfe8 30. Qf2 f4 31. Ra1 c5 32. Ra4 Bc4 33. Rd1 Re2 34.
Qxe2 Bxe2 0-1

[Event "AUTO-OPEN-4647"]
[Site "http://www.queenalice.com/game.php?id=1871647"]
[Date "2026.4.8"]
[Round "1"]
[White "bmax"]
[Black "princesher"]
[Result "1-0"]
[WhiteElo "2275"]
[BlackElo "2007"]

1. d4 d5 2. Nf3 h6 3. e3 Bg4 4. c4 e6 5. Qb3 b6 6. Ne5 Bf5 7. cxd5 Bxb1 8. Bb5+
Ke7 9. Rxb1 Qxd5 10. Qa3+ c5 11. O-O a6 12. Bc4 Qd6 13. f4 g6 14. dxc5 Qxc5 15.
b4 Qc8 16. Bb2 Bg7 17. Rbc1 Qb7 18. b5+ Ke8 19. bxa6 Qe7 20. Bb5+ Nd7 21. Nxd7
Qxa3 22. Bxa3 Ra7 23. Rc8# 1-0